000 00574nam a2200193Ia 4500
003 GCL
008 140319s9999 xx 000 0 eng d
040 _aGCL /
_cGCL
082 0 4 _a551
_bM G
100 1 _aMIDDETON, NICK
245 1 0 _aTHE GLOBAL CASINO: AN INTRODUCTION TO ENVIRONMENTAL ISSUES /
_cMIDDETON, NICK
260 _a[S.N] :
_bARNOLD OF THE HODDER HEAD LINE GROUP ،
_c1997
300 _a332 P
650 0 4 _aENVIRONMENTAL, GLOBAL
650 0 4 _aENVIRONMENTAL, OCEANS
650 0 4 _aOCEANS - ENVIRONMENTAL
650 0 4 _aGLOBAL, ENVIRONMENTAL
942 _2ddc
_cBK
999 _c13465
_d13465